| 000 | 00489nam a2200157Ia 4500 | ||
|---|---|---|---|
| 008 | 210210b2004 xxu||||| |||| 00| 0 eng d | ||
| 020 | _a81 7094 564 X | ||
| 082 | _a332.6327 BENA | ||
| 100 | _aBENJAMIN (Gerald A) and MARGULIS (Joel). | ||
| 245 | _aAngel investors handbook: how to profit from early stage investing. | ||
| 260 |
_aND _bVision Books _c2004 |
||
| 300 | _axx,351 | ||
| 650 | _aInvestors handbook investing investment | ||
| 690 | _aInvestment Management | ||
| 906 | _a059275 | ||
| 999 |
_c106350 _d106350 |
||